| 000 | 00692nam a22002177a 4500 | ||
|---|---|---|---|
| 001 | 26149 | ||
| 003 | BD-RjUL | ||
| 005 | 20211209050958.0 | ||
| 008 | 140320b19581954u ||||| |||| 001 0 eng d | ||
| 035 | _a(BD-RjUL)26219 | ||
| 040 |
_aBD-RjUL _beng _cBD-RjUL |
||
| 041 | _aeng | ||
| 082 |
_a940.1 _bSTW 1958 |
||
| 100 |
_aStrong C. F. _913784 |
||
| 245 |
_aThe world of the middle ages : _bFrom the division of charlemagne's empire in the ninth century to the renaissance in the fifteenth century / _cC. F. Strong |
||
| 260 |
_aLondon : _bUniversity press, _cc1954 [reprinting 1958] |
||
| 300 |
_a223 p. ; _c22 cm. |
||
| 504 | _aincludes index | ||
| 650 |
_aHistory _980369 |
||
| 942 |
_2ddc _cBK |
||
| 999 |
_c26149 _d26149 |
||